| 000 | 01060nam a22002417a 4500 | ||
|---|---|---|---|
| 001 | EIF-I-1992-M3-004 | ||
| 003 | OSt | ||
| 005 | 20230103191831.0 | ||
| 008 | 230103b |||||||| |||| 00| 0 eng d | ||
| 040 |
_aFundación Jesús Pereda _cFundación Jesús Pereda |
||
| 041 | _aCastellano | ||
| 100 |
_aMingo Blasco, José Antonio de _91203 |
||
| 111 |
_aEncuentro de Investigadores del Franquismo _c(Barcelona. _d1992. _n1º) _995 |
||
| 245 |
_aLas depuraciones laborales del primer franquismo: _bel Canal de Isabel II _c/José Antonio de Mingo Blasco |
||
| 520 | _aSe estudia el caso de depuración laboral del Canal de Isabel II para el abastecimiento de aguas en Madrid, del Ministerio de Obras Públicas. | ||
| 650 | 0 |
_9277 _aDepuración laboral |
|
| 650 | 0 |
_9145 _aRepresión |
|
| 650 | 0 |
_9123 _aPrimer franquismo |
|
| 651 | 0 |
_9266 _aMadrid |
|
| 773 |
_tActas del I Encuentro de Investigadores del Franquismo _g094-097 p. |
||
| 856 | _uhttps://bibliotecaccoocyl.fundacionjesuspereda.es/cgi-bin/koha/opac-retrieve-file.pl?id=7609670381235309285f4f61e94aa8af | ||
| 942 |
_2ddc _cCF _n0 |
||
| 999 |
_c729 _d729 |
||